[Event "FRA-chT Top 16 GpA"]
[Site "Chartres"]
[Date "2023.06.05"]
[Round "5.4"]
[White "Aflalo, Sophie"]
[Black "Djidjeli, Sarah"]
[Result "1/2-1/2"]
[WhiteElo "2122"]
[BlackElo "2028"]
[PlyCount "125"]
[EventDate "2023.06.01"]
[EventType "team-tourn"]
[EventRounds "7"]
[EventCountry "FRA"]
[SourceTitle "CBM 214 Extra"]
[Source "ChessBase"]
[SourceDate "2023.07.31"]
[SourceVersion "1"]
[SourceVersionDate "2023.07.31"]
[SourceQuality "1"]
[WhiteTeam "Tremblay en France"]
[BlackTeam "Lyon"]
[WhiteTeamCountry "FRA"]
[BlackTeamCountry "FRA"]

1. e4 c5 2. b4 cxb4 3. a3 e5 4. Nf3 Nc6 5. Bb2 Nf6 6. Nxe5 Nxe5 7. Bxe5 Qe7 8. d4 Nxe4 9. Be2 d6 10. Bf4 g6 11. 0-0 Bg7 12. Bb5+ Kf8 13. Re1 d5 14. f3 Qf6 15. Be5 Qb6 16. Bxg7+ Kxg7 17. Bf1 Nf6 18. axb4 Qxb4 19. c3 Qd6 20. Na3 Be6 21. Qb3 a6 22. Nc2 Rhc8 23. Ra3 Rc7 24. Nb4 Rac8 25. Qb2 Qb6 26. Rb3 Qd6 27. Nd3 Nd7 28. Ra1 Bf5 29. Rxb7 Rxc3 30. Nb4 Qf4 31. Qf2 Rc2 32. Nxc2 Rxc2 33. g3 Qh6 34. Be2 Qd2 35. Re1 Nf8 36. Rbb1 h5 37. Rbd1 Qc3 38. h3 g5 39. Kh2 Ne6 40. h4 f6 41. hxg5 Nxg5 42. Qg2 Nxf3+ 43. Bxf3 Qxf3 44. Rd2 Qxg2+ 45. Rxg2 Rxg2+ 46. Kxg2 Kg6 47. Re3 Bd7 48. Re7 Bb5 49. Kf3 Kf5 50. Rh7 Kg6 51. Rh8 Kg5 52. Rg8+ Kf5 53. Rh8 Kg5 54. Rg8+ Kf5 55. Rh8 Kg5 56. Rd8 Bc4 57. Ra8 Bb5 58. Ke3 Kg4 59. Rg8+ Kf5 60. Rh8 Kg4 61. Rg8+ Kf5 62. Rh8 Kg4 63. Rg8+ 1/2-1/2

[Event "FRA-chT Top 16 GpA"]
[Site "Chartres"]
[Date "2022.06.10"]
[Round "2.4"]
[White "Martsynovskaya, Marina"]
[Black "Aflalo, Sophie"]
[Result "1/2-1/2"]
[WhiteElo "2070"]
[BlackElo "2125"]
[PlyCount "151"]
[EventDate "2022.06.09"]
[EventType "team-tourn"]
[EventRounds "7"]
[EventCountry "FRA"]
[SourceTitle "CBM 208 Extra"]
[Source "ChessBase"]
[SourceDate "2022.07.31"]
[SourceVersion "1"]
[SourceVersionDate "2022.07.31"]
[SourceQuality "1"]
[WhiteTeam "Chartres"]
[BlackTeam "Tremblay en France"]
[WhiteTeamCountry "FRA"]
[BlackTeamCountry "FRA"]

1. e4 c5 2. Nf3 Nc6 3. d4 cxd4 4. Nxd4 Nf6 5. Nc3 e5 6. Ndb5 d6 7. Bg5 a6 8. Na3 b5 9. Bxf6 gxf6 10. Nd5 f5 11. g3 Bg7 12. Bg2 f4 13. c3 0-0 14. Qh5 Ne7 15. Nc2 a5 16. Nxe7+ Qxe7 17. gxf4 exf4 18. 0-0 Qe5 19. Qxe5 dxe5 20. Rfd1 Bg4 21. f3 Be6 22. Bf1 Rfb8 23. Na3 b4 24. cxb4 Rxb4 25. b3 a4 26. Bc4 Bxc4 27. Nxc4 axb3 28. axb3 Rxa1 29. Rxa1 Rxb3 30. Ra8+ Bf8 31. Nxe5 Kg7 32. Kg2 Bc5 33. Ra2 Bd4 34. Ng4 h5 35. Nf2 f6 36. Rd2 Be3 37. Rc2 Kf7 38. Nd1 Bd4 39. Rd2 Be5 40. Nf2 Ke7 41. Nd3 Bd6 42. Kh3 Ke6 43. Kg2 Rc3 44. Kf2 Rc4 45. Kg2 Rc3 46. Kf2 h4 47. Kg2 Be5 48. Kh3 f5 49. Nxe5 Kxe5 50. Rd5+ Ke6 51. Rxf5 Rxf3+ 52. Kxh4 Re3 53. Rxf4 Ke5 54. Kg5 Rh3 55. Rh4 Re3 56. Rh8 Re1 57. Re8+ Kd6 58. h4 Rg1+ 59. Kh6 Kd7 60. Re5 Re1 61. Kg6 Rh1 62. h5 Kd6 63. Kf6 Rh4 64. Re6+ Kd7 65. Re7+ Kd8 66. Kg5 Rxh5+ 67. Kxh5 Kxe7 68. Kg5 Ke6 69. Kf4 Kf6 70. e5+ Ke6 71. Ke4 Ke7 72. Kd5 Kd7 73. e6+ Ke8 74. Kd6 Kd8 75. e7+ Ke8 76. Ke6 1/2-1/2

[Event "Trophee Roza Lallemand Online"]
[Site "Tornelo INT"]
[Date "2020.12.13"]
[Round "8"]
[White "Aflalo, Sophie"]
[Black "Djidjeli, Sarah"]
[Result "1-0"]
[WhiteElo "2156"]
[BlackElo "2119"]
[PlyCount "91"]
[EventDate "2020.12.13"]
[EventType "swiss (rapid)"]
[EventRounds "9"]
[EventCountry "USA"]
[SourceTitle "EXT 2022"]
[Source "ChessBase"]
[SourceDate "2021.10.06"]
[SourceVersion "1"]
[SourceVersionDate "2021.10.06"]
[SourceQuality "1"]

1. e4 c5 2. Nf3 Nc6 3. d4 cxd4 4. Nxd4 e5 5. Nb5 d6 6. c4 Be7 7. N1c3 a6 8. Na3 Nf6 9. Be2 Be6 10. 0-0 0-0 11. Nc2 Rc8 12. Ne3 Na5 13. Qa4 Nxc4 14. Bxc4 Bxc4 15. Nxc4 b5 16. Nxb5 axb5 17. Qxb5 Nxe4 18. Be3 Qc7 19. Nb6 Rb8 20. a4 Rfd8 21. a5 Nc5 22. b4 Nd7 23. Rfc1 Qb7 24. Qc6 Nxb6 25. Bxb6 Qxc6 26. Rxc6 Rdc8 27. Rac1 Rxc6 28. Rxc6 d5 29. Bc5 Bxc5 30. Rxc5 Kf8 31. b5 d4 32. Kf1 Ke7 33. a6 Kd6 34. a7 Ra8 35. b6 Kxc5 36. b7 Rxa7 37. b8Q Ra1+ 38. Ke2 Ra2+ 39. Kf3 Ra3+ 40. Ke4 Ra5 41. Qxe5+ Kb6 42. Qxd4+ Kb5 43. Qxg7 Ra4+ 44. Kf5 Ra2 45. Qe5+ Kb6 46. Qd4+ 1-0

[Event "Boudiba Memorial"]
[Site "chess24.com INT"]
[Date "2020.06.14"]
[Round "13"]
[White "Aflalo, Sophie"]
[Black "Abergel, Thal"]
[Result "0-1"]
[WhiteElo "2156"]
[BlackElo "2460"]
[PlyCount "76"]
[EventDate "2020.06.14"]
[EventType "tourn (blitz)"]
[EventRounds "15"]
[EventCountry "ALG"]
[EventCategory "5"]
[SourceTitle "CBM 196 Extra"]
[Source "ChessBase"]
[SourceDate "2020.07.31"]
[SourceVersion "1"]
[SourceVersionDate "2020.07.31"]
[SourceQuality "1"]

1. e4 c5 2. Nf3 e6 3. b4 cxb4 4. a3 bxa3 5. Bxa3 d6 6. Nc3 Be7 7. d4 Nh6 8. Bb5+ Bd7 9. 0-0 Bxb5 10. Nxb5 0-0 11. Bb4 a6 12. d5 e5 13. Qd3 f5 14. Nxe5 dxe5 15. d6 Bf6 16. Nc7 Nc6 17. Bc5 fxe4 18. Qd5+ Kh8 19. Nxa8 Qxa8 20. d7 Rg8 21. Rfd1 a5 22. Bb6 a4 23. Ra3 Qa6 24. Bc7 Qe2 25. Rg3 Nd4 26. Rf1 Qxc2 27. d8Q Ne2+ 28. Kh1 Bxd8 29. Bxd8 Nxg3+ 30. fxg3 Qd3 31. Qxd3 exd3 32. Ba5 e4 33. Bd2 a3 34. Ra1 Ra8 35. Ra2 Nf5 36. g4 e3 37. gxf5 exd2 38. Rxd2 a2 0-1

[Event "Boudiba Memorial"]
[Site "chess24.com INT"]
[Date "2020.06.14"]
[Round "4"]
[White "Aflalo, Sophie"]
[Black "Cohen Revivo, Shoham"]
[Result "0-1"]
[WhiteElo "2156"]
[BlackElo "2221"]
[PlyCount "74"]
[EventDate "2020.06.14"]
[EventType "tourn (blitz)"]
[EventRounds "15"]
[EventCountry "ALG"]
[EventCategory "5"]
[SourceTitle "CBM 196 Extra"]
[Source "ChessBase"]
[SourceDate "2020.07.31"]
[SourceVersion "1"]
[SourceVersionDate "2020.07.31"]
[SourceQuality "1"]

1. e4 c5 2. Nf3 Nc6 3. d4 cxd4 4. Nxd4 Nf6 5. Nc3 d6 6. Bc4 e5 7. Nde2 Be7 8. 0-0 0-0 9. Ng3 Na5 10. Bd5 Be6 11. Qe2 Bxd5 12. Nxd5 Nxd5 13. exd5 Rc8 14. b3 a6 15. Bd2 Rxc2 16. Bxa5 Qxa5 17. Qxc2 Qxd5 18. Rad1 Qa5 19. Nf5 Bg5 20. Rxd6 g6 21. Ng3 Qb4 22. Ne4 f5 23. Rd7 fxe4 24. Qc7 Bf6 25. Qxb7 Qc5 26. Qxe4 a5 27. Rb7 Rd8 28. Rb5 Qxb5 29. h4 Rd4 30. Qa8+ Kg7 31. Qa7+ Rd7 32. Qe3 h5 33. Qh3 Qd5 34. Rc1 e4 35. Rc8 Re7 36. Rb8 Qd1+ 37. Kh2 Be5+ 0-1

[Event "Vaujany op 10th"]
[Site "Vaujany"]
[Date "2019.07.17"]
[Round "7"]
[White "Womacka, Mathias"]
[Black "Aflalo, Sophie"]
[Result "1-0"]
[WhiteElo "2449"]
[BlackElo "2094"]
[PlyCount "87"]
[EventDate "2019.07.11"]
[EventType "swiss"]
[EventRounds "9"]
[EventCountry "FRA"]
[SourceTitle "EXT 2020"]
[Source "ChessBase"]
[SourceDate "2019.10.17"]
[SourceVersion "1"]
[SourceVersionDate "2019.10.17"]
[SourceQuality "1"]

1. e4 c5 2. Nf3 Nc6 3. d4 cxd4 4. Nxd4 Nf6 5. Nc3 e5 6. Ndb5 d6 7. Bg5 a6 8. Na3 b5 9. Nd5 Be7 10. Bxf6 Bxf6 11. c3 Bg5 12. Nc2 0-0 13. a4 bxa4 14. Rxa4 a5 15. Bc4 Rb8 16. b3 Kh8 17. Nce3 Be6 18. 0-0 g6 19. Qe2 Bh6 20. Rd1 f5 21. exf5 gxf5 22. Qh5 Bg5 23. Nc7 Bd7 24. Ne6 Bxe6 25. Bxe6 Bxe3 26. fxe3 f4 27. exf4 exf4 28. Bd5 Ne5 29. Be4 Rf7 30. Rad4 Qb6 31. Kh1 Rd8 32. h3 Rg7 33. Rxd6 Rxd6 34. Qe8+ Rg8 35. Qxe5+ Rf6 36. Rd7 Rd8 37. Rxh7+ Kg8 38. Qg5+ Rg6 39. Qxg6+ Qxg6 40. Bxg6 Rd6 41. Bf5 Rd1+ 42. Kh2 Rd2 43. Kg1 Rb2 44. Ra7 1-0

[Event "Lisbon Portugal op"]
[Site "Lisbon"]
[Date "2019.02.07"]
[Round "6"]
[White "Aflalo, Sophie"]
[Black "Chylewski, Patryk"]
[Result "0-1"]
[WhiteElo "2091"]
[BlackElo "2304"]
[PlyCount "76"]
[EventDate "2019.02.02"]
[EventType "swiss"]
[EventRounds "9"]
[EventCountry "POR"]
[SourceTitle "CBM 188 Extra"]
[Source "ChessBase"]
[SourceDate "2019.02.26"]
[SourceVersion "1"]
[SourceVersionDate "2019.02.26"]
[SourceQuality "1"]

1. Nf3 Nf6 2. b3 d5 3. Bb2 c6 4. c4 Bg4 5. d3 e6 6. Nbd2 Nbd7 7. Ne5 Nxe5 8. Bxe5 Bd6 9. Bb2 a5 10. a3 0-0 11. g3 Qc7 12. Bg2 Be5 13. d4 Bd6 14. 0-0 Qe7 15. Qe1 c5 16. cxd5 cxd4 17. Bxd4 Nxd5 18. e4 Nc7 19. Nc4 e5 20. Bc3 Nb5 21. Nb6 Ra6 22. Nd5 Qd7 23. Bb2 a4 24. b4 f6 25. Qe3 Bb8 26. h3 Bxh3 27. Nb6 Qe6 28. Bxh3 Qxh3 29. Qc5 Ba7 30. Qd5+ Kh8 31. Nd7 Qxg3+ 32. Kh1 Qh3+ 33. Kg1 Qg4+ 34. Kh1 f5 35. Qxe5 Rh6+ 36. Qh2 Qf3+ 37. Kg1 Rg6+ 38. Qg3 Qxg3+ 0-1

[Event "Lisbon Portugal op"]
[Site "Lisbon"]
[Date "2019.02.04"]
[Round "4"]
[White "Sorensen, Hampus"]
[Black "Aflalo, Sophie"]
[Result "1-0"]
[WhiteElo "2289"]
[BlackElo "2091"]
[PlyCount "87"]
[EventDate "2019.02.02"]
[EventType "swiss"]
[EventRounds "9"]
[EventCountry "POR"]
[SourceTitle "CBM 188 Extra"]
[Source "ChessBase"]
[SourceDate "2019.02.26"]
[SourceVersion "1"]
[SourceVersionDate "2019.02.26"]
[SourceQuality "1"]

1. d4 Nf6 2. c4 g6 3. Nc3 Bg7 4. e4 d6 5. h3 0-0 6. Be3 e5 7. d5 a5 8. g4 Na6 9. Nge2 Nc5 10. Ng3 c6 11. Be2 Rb8 12. h4 Ne8 13. Qd2 cxd5 14. cxd5 b5 15. h5 b4 16. Nd1 Bf6 17. b3 Bh4 18. Bf3 a4 19. bxa4 b3 20. Nc3 Ba6 21. Be2 Bxe2 22. Ngxe2 bxa2 23. Rxa2 Nb3 24. Qd3 Bg5 25. Kf1 Rb4 26. a5 Nc5 27. Qd2 Nb3 28. Qd3 Nc5 29. Qd2 Bh4 30. a6 Nc7 31. a7 Na8 32. Rb2 Rxb2 33. Qxb2 Qf6 34. Qd2 Nb6 35. g5 Qf3 36. Rxh4 Nc4 37. Qc1 f6 38. Bxc5 fxg5 39. Rh2 dxc5 40. Kg1 g4 41. hxg6 g3 42. Nxg3 hxg6 43. Qh6 Kf7 44. Qxf8+ 1-0

[Event "FRA-chT Top 12"]
[Site "Brest"]
[Date "2018.06.05"]
[Round "11"]
[White "Benmesbah, Natacha"]
[Black "Aflalo, Sophie"]
[Result "0-1"]
[WhiteElo "2264"]
[BlackElo "2104"]
[PlyCount "148"]
[EventDate "2018.05.26"]
[EventType "team-tourn"]
[EventRounds "11"]
[EventCountry "FRA"]
[SourceTitle "EXT 2019"]
[Source "ChessBase"]
[SourceDate "2018.10.10"]
[SourceVersion "1"]
[SourceVersionDate "2018.10.10"]
[SourceQuality "1"]
[WhiteTeam "Metz Fischer"]
[BlackTeam "Tremblay en France"]
[WhiteTeamCountry "FRA"]
[BlackTeamCountry "FRA"]

1. e4 c5 2. Nf3 Nc6 3. Bb5 g6 4. 0-0 Bg7 5. Re1 Nf6 6. e5 Ng4 7. Bxc6 dxc6 8. h3 Nh6 9. d3 0-0 10. Nc3 b6 11. Bf4 Nf5 12. Qd2 h6 13. Ne4 Kh7 14. c3 f6 15. Rad1 Qd5 16. exf6 exf6 17. h4 g5 18. hxg5 hxg5 19. Bg3 Nxg3 20. Nxg3 Bg4 21. Re3 Kg6 22. Rde1 Bxf3 23. Rxf3 f5 24. Rfe3 f4 25. Re6+ Bf6 26. Nf1 Rad8 27. d4 cxd4 28. cxd4 Qxd4 29. Qc2+ Kg7 30. Nh2 Rd6 31. Nf3 Rxe6 32. Rxe6 Qxb2 33. Qxc6 Qb1+ 34. Re1 Qxa2 35. Qb5 Qa5 36. Qd7+ Rf7 37. Qg4 Re7 38. Rxe7+ Bxe7 39. Qe6 Qa1+ 40. Kh2 Qf6 41. Qd7 a5 42. Nd4 Kg6 43. Qe8+ Kh7 44. Kg1 Qxd4 45. Qxe7+ Kg6 46. Qe8+ Kf5 47. Qf7+ Ke5 48. Qe7+ Kd5 49. Qxg5+ Kc4 50. Qg8+ Kc3 51. Qa2 Qd1+ 52. Kh2 a4 53. Qa3+ Kc4 54. Qa2+ Qb3 55. Qe2+ Qd3 56. Qe6+ Kc5 57. Qe5+ Qd5 58. Qc7+ Qc6 59. Qe5+ Qd5 60. Qc7+ Kb5 61. Qxf4 a3 62. Qc1 Qe5+ 63. f4 Qh8+ 64. Kg3 a2 65. Qf1+ Kb4 66. Qa6 Qc3+ 67. Kh2 a1Q 68. Qxb6+ Kc4 69. Qe6+ Kd3 70. Qd5+ Qd4 71. Qf3+ Qe3 72. Qd5+ Qad4 73. Qf5+ Ke2 74. Qh5+ Kf1 0-1

[Event "FRA-chT Top 12"]
[Site "Brest"]
[Date "2018.05.31"]
[Round "6.8"]
[White "Aflalo, Sophie"]
[Black "Haussernot, Cecile"]
[Result "0-1"]
[WhiteElo "2104"]
[BlackElo "2189"]
[PlyCount "76"]
[EventDate "2018.05.26"]
[EventType "team-tourn"]
[EventRounds "11"]
[EventCountry "FRA"]
[SourceTitle "EXT 2019"]
[Source "ChessBase"]
[SourceDate "2018.10.10"]
[SourceVersion "1"]
[SourceVersionDate "2018.10.10"]
[SourceQuality "1"]
[WhiteTeam "Tremblay en France"]
[BlackTeam "Mulhouse Philidor"]
[WhiteTeamCountry "FRA"]
[BlackTeamCountry "FRA"]

1. e4 c5 2. Nc3 a6 3. Nge2 b5 4. d4 cxd4 5. Nxd4 e6 6. Bd3 Bb7 7. 0-0 Nc6 8. Be3 Nf6 9. Nxc6 Bxc6 10. a3 Be7 11. f4 0-0 12. e5 Nd5 13. Nxd5 Bxd5 14. f5 Qc7 15. f6 Qxe5 16. fxe7 Qxe3+ 17. Kh1 Rfe8 18. Qh5 g6 19. Qh4 f5 20. a4 Qc5 21. b4 Qc6 22. Rf2 Qc3 23. Rff1 bxa4 24. b5 axb5 25. Bxb5 Qxc2 26. Rg1 Qc5 27. Bxa4 Qxe7 28. Qd4 Rec8 29. Bb5 Rab8 30. Ba6 Rc2 31. Bd3 Rd2 32. Qc3 Qg5 33. Bf1 Bc6 34. Qe5 Rbb2 35. Qg3 Qxg3 36. hxg3 g5 37. Ra3 Rd1 38. Kh2 Rbb1 0-1

[Event "FRA-chT Top 12"]
[Site "Brest"]
[Date "2018.05.27"]
[Round "2"]
[White "Aflalo, Sophie"]
[Black "Bollengier, Andreea"]
[Result "0-1"]
[WhiteElo "2104"]
[BlackElo "2260"]
[PlyCount "78"]
[EventDate "2018.05.26"]
[EventType "team-tourn"]
[EventRounds "11"]
[EventCountry "FRA"]
[SourceTitle "EXT 2019"]
[Source "ChessBase"]
[SourceDate "2018.10.10"]
[SourceVersion "1"]
[SourceVersionDate "2018.10.10"]
[SourceQuality "1"]
[WhiteTeam "Tremblay en France"]
[BlackTeam "Nice Alekhine"]
[WhiteTeamCountry "FRA"]
[BlackTeamCountry "FRA"]

1. Nf3 Nf6 2. g3 b5 3. Bg2 Bb7 4. 0-0 e6 5. d3 Be7 6. e4 d5 7. e5 Nfd7 8. Re1 c5 9. Bf4 Nc6 10. h4 b4 11. Nbd2 a5 12. h5 h6 13. c4 bxc3 14. bxc3 Rb8 15. Nh2 Bg5 16. Qg4 Bxf4 17. gxf4 0-0 18. Ndf3 Ne7 19. Nh4 Bc8 20. f5 Nxf5 21. Nxf5 exf5 22. Qf4 Nb6 23. Nf3 d4 24. cxd4 Nd5 25. Qd2 cxd4 26. Nxd4 Nb4 27. Qe3 f4 28. Qxf4 Nxd3 29. Qe3 Nxe1 30. Rxe1 Qh4 31. Nc6 Rb2 32. Qc5 Re8 33. Be4 Qg5+ 34. Kh1 Qxh5+ 35. Kg1 Qg5+ 36. Kh1 Rxa2 37. Bb1 Ra4 38. Nd4 Bb7+ 39. Be4 Qh4+ 0-1

[Event "FRA-chT Top 12"]
[Site "Chartres"]
[Date "2017.05.27"]
[Round "10.8"]
[White "Aflalo, Sophie"]
[Black "Congiu, Mathilde"]
[Result "1-0"]
[WhiteElo "2135"]
[BlackElo "2248"]
[PlyCount "81"]
[EventDate "2017.05.18"]
[EventType "team-tourn"]
[EventRounds "11"]
[EventCountry "FRA"]
[SourceTitle "CBM 178 Extra"]
[Source "ChessBase"]
[SourceDate "2017.06.22"]
[SourceVersion "1"]
[SourceVersionDate "2017.06.22"]
[SourceQuality "1"]
[WhiteTeam "Tremblay en France"]
[BlackTeam "Bois Colombes"]
[WhiteTeamCountry "FRA"]
[BlackTeamCountry "FRA"]

1. e4 c5 2. Nf3 Nc6 3. d4 cxd4 4. Nxd4 e5 5. Nb5 d6 6. N1c3 a6 7. Na3 Be7 8. Be3 b5 9. Nd5 Rb8 10. c4 b4 11. Nc2 Nf6 12. Qd3 0-0 13. Be2 Nxd5 14. cxd5 Na5 15. 0-0 f5 16. f3 b3 17. axb3 Rxb3 18. Qd2 Rxe3 19. Qxe3 Bg5 20. Qc3 Qb6+ 21. Kh1 Nb3 22. Rad1 a5 23. Na3 Nd4 24. Bd3 Qd8 25. f4 Bf6 26. fxe5 Bxe5 27. Nc4 Bf6 28. Qxa5 Qe8 29. Nxd6 Qh5 30. Nc4 fxe4 31. Bxe4 Re8 32. Qc7 Ba6 33. Bf3 Nxf3 34. gxf3 Rc8 35. Qd7 Rxc4 36. Qe6+ Kf8 37. Qxa6 Be5 38. Rd2 Rc1 39. Qa3+ Kf7 40. Rxc1 Bf4 41. Qa7+ 1-0

[Event "FRA-chT Top 12"]
[Site "Chartres"]
[Date "2017.05.22"]
[Round "5.8"]
[White "De Seroux, Camille"]
[Black "Aflalo, Sophie"]
[Result "1-0"]
[WhiteElo "2117"]
[BlackElo "2135"]
[PlyCount "79"]
[EventDate "2017.05.18"]
[EventType "team-tourn"]
[EventRounds "11"]
[EventCountry "FRA"]
[SourceTitle "CBM 178 Extra"]
[Source "ChessBase"]
[SourceDate "2017.06.22"]
[SourceVersion "1"]
[SourceVersionDate "2017.06.22"]
[SourceQuality "1"]
[WhiteTeam "Grasse Echecs"]
[BlackTeam "Tremblay en France"]
[WhiteTeamCountry "FRA"]
[BlackTeamCountry "FRA"]

1. e4 c5 2. Nc3 Nc6 3. Bb5 Nd4 4. Nf3 a6 5. Bc4 Nf6 6. d3 e6 7. 0-0 d5 8. exd5 exd5 9. Nxd5 Nxd5 10. Nxd4 cxd4 11. Qh5 Be7 12. Qxd5 0-0 13. Qxd8 Rxd8 14. Re1 Bb4 15. Bg5 Bxe1 16. Bxd8 Be6 17. Rxe1 Rxd8 18. Bxe6 fxe6 19. Rxe6 Rc8 20. Re2 Rc5 21. f4 Kf7 22. Kf2 Kf6 23. Kf3 Rb5 24. c4 dxc3 25. bxc3 Rb1 26. Ke4 Ke6 27. c4 Rb4 28. d4 Kd6 29. Kd3 Ra4 30. c5+ Kd5 31. Re5+ Kc6 32. Re6+ Kd7 33. Rb6 Kc7 34. Rb2 Ra3+ 35. Ke4 Rc3 36. g4 a5 37. f5 h6 38. Rb6 Ra3 39. Rg6 Rxa2 40. Rxg7+ 1-0

[Event "FRA-chT Top 12"]
[Site "Chartres"]
[Date "2017.05.20"]
[Round "3.8"]
[White "Aflalo, Sophie"]
[Black "Caron, Damien"]
[Result "1-0"]
[WhiteElo "2135"]
[BlackElo "2024"]
[PlyCount "59"]
[EventDate "2017.05.18"]
[EventType "team-tourn"]
[EventRounds "11"]
[EventCountry "FRA"]
[SourceTitle "CBM 178 Extra"]
[Source "ChessBase"]
[SourceDate "2017.06.22"]
[SourceVersion "1"]
[SourceVersionDate "2017.06.22"]
[SourceQuality "1"]
[WhiteTeam "Tremblay en France"]
[BlackTeam "Montpellier"]
[WhiteTeamCountry "FRA"]
[BlackTeamCountry "FRA"]

1. e4 c5 2. Nf3 e6 3. d4 cxd4 4. Nxd4 a6 5. Bd3 Nf6 6. 0-0 Qc7 7. Nc3 Nc6 8. Nb3 b5 9. f4 d6 10. Be3 Be7 11. Kh1 Bb7 12. a4 b4 13. Na2 0-0 14. Qe1 e5 15. Nxb4 Nxb4 16. Qxb4 a5 17. Nxa5 exf4 18. Bb6 Qc8 19. Rxf4 Nd7 20. Bd4 Ba6 21. Bb5 Bxb5 22. Qxb5 Ne5 23. Bxe5 dxe5 24. Nc6 Bd6 25. Rf2 Ra6 26. Nxe5 Bc5 27. Rxf7 Rxf7 28. Qc4 Raf6 29. Nxf7 Rxf7 30. Rf1 1-0

[Event "FRA-chT Top 12"]
[Site "Chartres"]
[Date "2017.05.19"]
[Round "2.8"]
[White "Leconte, Maria"]
[Black "Aflalo, Sophie"]
[Result "1-0"]
[WhiteElo "2174"]
[BlackElo "2135"]
[PlyCount "60"]
[EventDate "2017.05.18"]
[EventType "team-tourn"]
[EventRounds "11"]
[EventCountry "FRA"]
[SourceTitle "CBM 178 Extra"]
[Source "ChessBase"]
[SourceDate "2017.06.22"]
[SourceVersion "1"]
[SourceVersionDate "2017.06.22"]
[SourceQuality "1"]
[WhiteTeam "Saint Quentin"]
[BlackTeam "Tremblay en France"]
[WhiteTeamCountry "FRA"]
[BlackTeamCountry "FRA"]

1. Nf3 Nf6 2. g3 g6 3. Bg2 Bg7 4. 0-0 0-0 5. d4 d6 6. Nc3 Nbd7 7. e4 c5 8. a4 Rb8 9. Re1 Ne8 10. e5 dxe5 11. dxe5 Nc7 12. Nd5 Ne6 13. b3 c4 14. Ba3 Ndc5 15. Nd4 Re8 16. Nxe6 Nxe6 17. Nxe7+ Kh8 18. Qxd8 Rxd8 19. bxc4 Bf8 20. Bd6 Bd7 21. Red1 Bxa4 22. Bxb8 Rxd1+ 23. Rxd1 Bxe7 24. Ra1 Bxc2 25. Rxa7 Bc5 26. Rxb7 Kg7 27. Bd6 Bd4 28. Bd5 Ng5 29. h4 Ne4 30. Rxf7+ Kh6 1-0

[Event "FRA-chT Top 12"]
[Site "Chartres"]
[Date "2017.05.18"]
[Round "1.8"]
[White "Aflalo, Sophie"]
[Black "Adrian, Claude"]
[Result "0-1"]
[WhiteElo "2135"]
[BlackElo "2234"]
[PlyCount "90"]
[EventDate "2017.05.18"]
[EventType "team-tourn"]
[EventRounds "11"]
[EventCountry "FRA"]
[SourceTitle "CBM 178 Extra"]
[Source "ChessBase"]
[SourceDate "2017.06.22"]
[SourceVersion "1"]
[SourceVersionDate "2017.06.22"]
[SourceQuality "1"]
[WhiteTeam "Tremblay en France"]
[BlackTeam "Vandoeuvre"]
[WhiteTeamCountry "FRA"]
[BlackTeamCountry "FRA"]

1. e4 e6 2. d4 d5 3. Nd2 c5 4. exd5 exd5 5. Ngf3 Nc6 6. Bb5 Bd6 7. 0-0 Nge7 8. dxc5 Bxc5 9. Nb3 Bb6 10. Bd2 0-0 11. Bc3 Qd6 12. Qd2 Bf5 13. Rad1 Rad8 14. Nfd4 Bc7 15. f4 Be4 16. Kh1 Qh6 17. Nc5 Ng6 18. Nxe4 dxe4 19. g3 Nge7 20. Qg2 Nxd4 21. Bxd4 Nf5 22. Bc5 Rxd1 23. Rxd1 Qh5 24. g4 Ng3+ 25. Qxg3 Qxc5 26. Ba4 g5 27. Qg2 Qb4 28. Bd7 Rd8 29. fxg5 Qe7 30. Qd2 e3 31. Qd3 e2 32. Re1 Qxd7 33. Qxd7 Rxd7 34. Rxe2 Bf4 35. h4 Rd1+ 36. Kg2 Rd2 37. Kf2 Rxe2+ 38. Kxe2 Bg3 39. h5 Bf4 40. Kf3 Bxg5 41. Ke4 Kg7 42. Ke5 Bf6+ 43. Kd6 Bxb2 44. c4 Kf6 45. Kc7 Kg5 0-1

[Event "FRA-ch (Women)"]
[Site "Saint Quentin"]
[Date "2015.08.16"]
[Round "7"]
[White "Soubirou, Oriane"]
[Black "Aflalo, Sophie"]
[Result "0-1"]
[WhiteElo "2092"]
[BlackElo "2117"]
[PlyCount "80"]
[EventDate "2015.08.09"]
[EventType "tourn"]
[EventRounds "11"]
[EventCountry "FRA"]
[SourceTitle "EXT 2016"]
[Source "ChessBase"]
[SourceDate "2015.10.08"]
[SourceVersion "1"]
[SourceVersionDate "2015.10.08"]
[SourceQuality "1"]

1. d4 Nf6 2. c4 g6 3. Nf3 c5 4. d5 d6 5. Nc3 e6 6. e4 exd5 7. exd5 Bg7 8. Bd3 0-0 9. h3 Na6 10. 0-0 Nc7 11. Bg5 h6 12. Bh4 a6 13. Nd2 g5 14. Bg3 Rb8 15. a4 b6 16. Qf3 Nfe8 17. Bf5 b5 18. axb5 axb5 19. Nce4 Ba6 20. Rxa6 Nxa6 21. cxb5 Nac7 22. b6 Rxb6 23. Nc4 Ra6 24. Rd1 Nb5 25. Qg4 Nd4 26. h4 h5 27. Bh7+ Kxh7 28. Qxh5+ Kg8 29. hxg5 Nf5 30. Bf4 Ra4 31. Rd3 Rxc4 32. Rh3 Nh6 33. gxh6 Bxb2 34. Qf5 Qe7 35. Ng5 Nf6 36. Re3 Qd7 37. h7+ Kh8 38. Ne6 fxe6 39. dxe6 Qe7 40. Bh6 Ng4 0-1

[Event "FRA-ch (Women)"]
[Site "Saint Quentin"]
[Date "2015.08.14"]
[Round "6"]
[White "Aflalo, Sophie"]
[Black "Maisuradze, Nino"]
[Result "0-1"]
[WhiteElo "2117"]
[BlackElo "2292"]
[PlyCount "72"]
[EventDate "2015.08.09"]
[EventType "tourn"]
[EventRounds "11"]
[EventCountry "FRA"]
[SourceTitle "EXT 2016"]
[Source "ChessBase"]
[SourceDate "2015.10.08"]
[SourceVersion "1"]
[SourceVersionDate "2015.10.08"]
[SourceQuality "1"]

1. e4 c5 2. Nf3 a6 3. d4 cxd4 4. Nxd4 Nf6 5. Bd3 e5 6. Nf3 d5 7. Qe2 dxe4 8. Bxe4 Nxe4 9. Qxe4 Nc6 10. Nc3 f6 11. 0-0 Be6 12. Rd1 Qc7 13. Nd5 Qf7 14. c4 Rd8 15. Be3 Bd6 16. Bb6 Rd7 17. Rac1 0-0 18. a3 h6 19. Nb4 Nxb4 20. axb4 Bxb4 21. c5 a5 22. Nh4 Bd2 23. Ra1 Bb3 24. c6 bxc6 25. Rdb1 Rb8 26. Qxc6 Qd5 27. Qxd5+ Rxd5 28. Nf5 Rxb6 29. Ne7+ Kf7 30. Nxd5 Bxd5 31. Ra3 Be4 32. Rd1 Rxb2 33. f3 Bb4 34. Raa1 Bf5 35. h4 h5 36. Kh2 e4 0-1

[Event "FRA-ch (Women)"]
[Site "Saint Quentin"]
[Date "2015.08.09"]
[Round "1"]
[White "Leconte, Maria"]
[Black "Aflalo, Sophie"]
[Result "1-0"]
[WhiteElo "2251"]
[BlackElo "2117"]
[PlyCount "71"]
[EventDate "2015.08.09"]
[EventType "tourn"]
[EventRounds "11"]
[EventCountry "FRA"]
[SourceTitle "EXT 2016"]
[Source "ChessBase"]
[SourceDate "2015.10.08"]
[SourceVersion "1"]
[SourceVersionDate "2015.10.08"]
[SourceQuality "1"]

1. d4 Nf6 2. Nf3 c5 3. d5 d6 4. Nc3 g6 5. e4 Bg7 6. Be2 0-0 7. 0-0 Na6 8. Nd2 Rb8 9. Re1 e6 10. Nf1 Nc7 11. a4 b6 12. Bf4 exd5 13. exd5 a6 14. Bf3 b5 15. axb5 axb5 16. Ne3 Bb7 17. Qd2 Nfe8 18. g4 Ra8 19. Ne4 Rxa1 20. Rxa1 Bxb2 21. Ra7 Qb8 22. Ra2 Bd4 23. Nxd6 Nxd6 24. Bxd6 Rd8 25. Bg3 Qc8 26. Ra7 Ne8 27. c3 Bg7 28. Qe2 c4 29. d6 Bxf3 30. Qxf3 Qe6 31. Nd5 Bf8 32. Ne7+ Kg7 33. Nc6 Rxd6 34. Bxd6 Nxd6 35. Kg2 Qe4 36. Rxf7+ 1-0